000 00354nam a2200145Ia 4500
008 230711s9999||||xx |||||||||||||| ||und||
041 _aENG
082 _a667
_bRA-M
100 _aRattan,JB
245 0 _aModern textile management
250 _a1st Ed.
260 _c2001
_aNew Delhi
_bAbhishek Publications
650 _aTextile Engineering
942 _cBK
999 _c3833
_d3833